00383nam a2200157Ia 450000500170000000800410001702000150005805000240007310000190009724500370011626000300015330000210018344000060020452100070021052600080021720140402153932.0140130s9999 xx 000 0 und d a0439405610 aPZ 7 b.L345g5 2004 aLasky, Kathryn cKathryn Lasky.aThe shattering / bScholastic,c2004.aUSA : a176 p. :c22 cm. v1 aG5 c790